00422cam a2200169ua 450000100060000000800390000604000090004504100120005408200160006610000420008224500280012425000090015226000320016130000170019365300210021070000210023114212121109n2007 II |||gr||||Z||||||asm aMAIN aEnglish a491.451 SHA aSHARMAH GOSWAMI , PRANATI .,eEDITOR. aBHASA- SAHITYAR SHOBHA  a1st. aGUWAHATIbBANI MANDIRc2007 a309.:c20CM. aAsomiya Language aBHARALI , BIVA .